<?xml version="1.0" encoding="UTF-8"?>
<record
    xmlns:xsi="http://www.w3.org/2001/XMLSchema-instance"
    xsi:schemaLocation="http://www.loc.gov/MARC21/slim http://www.loc.gov/standards/marcxml/schema/MARC21slim.xsd"
    xmlns="http://www.loc.gov/MARC21/slim">

  <leader>00979nam a2200277Ia 4500</leader>
  <controlfield tag="003">OSt</controlfield>
  <controlfield tag="005">20240509120253.0</controlfield>
  <controlfield tag="008">210210b2015   xxu||||| |||| 00| 0 eng d</controlfield>
  <datafield tag="040" ind1=" " ind2=" ">
    <subfield code="c">AL</subfield>
  </datafield>
  <datafield tag="041" ind1=" " ind2=" ">
    <subfield code="a">English</subfield>
  </datafield>
  <datafield tag="082" ind1=" " ind2=" ">
    <subfield code="a">928K AHIA</subfield>
  </datafield>
  <datafield tag="100" ind1=" " ind2=" ">
    <subfield code="a">AHITANALA</subfield>
    <subfield code="d">&#xC85;&#xCB9;&#xCBF;&#xCA4;&#xCBE;&#xCA8;&#xCB2; </subfield>
    <subfield code="9">163924</subfield>
  </datafield>
  <datafield tag="245" ind1=" " ind2=" ">
    <subfield code="a">Amerikannada barahagararu: Amerikannada barahagarara sankshipta mahiti kosha</subfield>
    <subfield code="b">&#xC85;&#xCAE;&#xCC6;&#xCB0;&#xCBF;&#xC95;&#xCA8;&#xCCD;&#xCA8;&#xCA1; &#xCAC;&#xCB0;&#xCB9;&#xC97;&#xCBE;&#xCB0;&#xCB0;&#xCC1;: &#xC85;&#xCAE;&#xCC6;&#xCB0;&#xCBF;&#xC95;&#xCA8;&#xCCD;&#xCA8;&#xCA1; &#xCAC;&#xCB0;&#xCB9;&#xC97;&#xCBE;&#xCB0;&#xCB0; &#xCB8;&#xC82;&#xC95;&#xCCD;&#xCB7;&#xCBF;&#xCAA;&#xCCD;&#xCA4; &#xCAE;&#xCBE;&#xCB9;&#xCBF;&#xCA4;&#xCBF; &#xC95;&#xCCB;&#xCB6; </subfield>
  </datafield>
  <datafield tag="260" ind1=" " ind2=" ">
    <subfield code="a">Bengaluru</subfield>
    <subfield code="b">Abinava</subfield>
    <subfield code="c">2015</subfield>
  </datafield>
  <datafield tag="300" ind1=" " ind2=" ">
    <subfield code="a">144</subfield>
  </datafield>
  <datafield tag="650" ind1=" " ind2=" ">
    <subfield code="a">sankshipta</subfield>
    <subfield code="9">163925</subfield>
  </datafield>
  <datafield tag="650" ind1=" " ind2=" ">
    <subfield code="a">mahiti</subfield>
    <subfield code="9">163926</subfield>
  </datafield>
  <datafield tag="650" ind1=" " ind2=" ">
    <subfield code="a">kosha</subfield>
    <subfield code="9">163927</subfield>
  </datafield>
  <datafield tag="650" ind1=" " ind2=" ">
    <subfield code="a">barahagararu:Amerikannada</subfield>
    <subfield code="9">163928</subfield>
  </datafield>
  <datafield tag="650" ind1=" " ind2=" ">
    <subfield code="a">barahagarara</subfield>
    <subfield code="9">163929</subfield>
  </datafield>
  <datafield tag="650" ind1=" " ind2=" ">
    <subfield code="a">Amerikannada</subfield>
    <subfield code="9">163930</subfield>
  </datafield>
  <datafield tag="690" ind1=" " ind2=" ">
    <subfield code="a">Biography</subfield>
    <subfield code="9">163931</subfield>
  </datafield>
  <datafield tag="700" ind1=" " ind2=" ">
    <subfield code="a">SUPTA DEEPTI</subfield>
    <subfield code="d">&#xCB8;&#xCC1;&#xCAA;&#xCCD;&#xCA4; &#xCA6;&#xCC0;&#xCAA;&#xCCD;&#xCA4;&#xCBF; </subfield>
    <subfield code="9">163932</subfield>
  </datafield>
  <datafield tag="906" ind1=" " ind2=" ">
    <subfield code="a">071247</subfield>
  </datafield>
  <datafield tag="942" ind1=" " ind2=" ">
    <subfield code="2">ddc</subfield>
    <subfield code="c">BK</subfield>
  </datafield>
  <datafield tag="999" ind1=" " ind2=" ">
    <subfield code="c">120597</subfield>
    <subfield code="d">120597</subfield>
  </datafield>
  <datafield tag="952" ind1=" " ind2=" ">
    <subfield code="0">0</subfield>
    <subfield code="1">0</subfield>
    <subfield code="4">0</subfield>
    <subfield code="7">0</subfield>
    <subfield code="8">Kannada</subfield>
    <subfield code="a">AL</subfield>
    <subfield code="b">AL</subfield>
    <subfield code="c">Biography</subfield>
    <subfield code="d">2021-02-17</subfield>
    <subfield code="e">Navakarnataka Publication Pvt Ltd Mangalore</subfield>
    <subfield code="g">100.00</subfield>
    <subfield code="l">0</subfield>
    <subfield code="o">928K AHIA</subfield>
    <subfield code="p">071247</subfield>
    <subfield code="r">2021-02-17 00:00:00</subfield>
    <subfield code="w">2021-02-17</subfield>
    <subfield code="y">BK</subfield>
  </datafield>
</record>
